The Fortress of Buhen
محفوظ في:
المؤلف الرئيسي:
التنسيق: كتاب
اللغة: Undetermined
منشور في:
London
1979
الموضوعات:
الوسوم: إضافة وسم
لا توجد وسوم, كن أول من يضع وسما على هذه التسجيلة!
رقم الطلب: (O.S) DT S7.E32
| LEADER | 00499nam a2200157Ia 4500 | ||
|---|---|---|---|
| 008 | 230909s9999||||xx |||||||||||||| ||und|| | ||
| 050 | 4 | |a (O.S) DT S7.E32 | |
| 100 | 1 | |a Emery ,Walter bryan | |
| 245 | 1 | 4 | |a The Fortress of Buhen |
| 264 | 1 | |a London |c 1979 | |
| 300 | |a 225 P |c 46CM | ||
| 504 | |a Includes bibliographical references | ||
| 650 | 4 | |a Excavations | |
| 942 | |2 lcc |c BK | ||
| 952 | |0 0 |1 0 |2 lcc |4 0 |7 1 |9 50052 |a ARCE |b ARCE |d 2023-09-09 |l 0 |o (O.S) DT S7.E32 |r 2023-09-09 00:00:00 |w 2023-09-09 |y BK | ||
| 999 | |c 54675 |d 54675 | ||
